Marketing en la pequeña y mediana empresa
Uloženo v:
| Hlavní autor: | |
|---|---|
| Médium: | Kniha |
| Jazyk: | španělština |
| Vydáno: |
Madrid
Piramide
1993
|
| Témata: | |
| Tagy: |
Přidat tag
Žádné tagy, Buďte první, kdo vytvoří štítek k tomuto záznamu!
|
MARC
| LEADER | 00000nam a2200000 a 4500 | ||
|---|---|---|---|
| 001 | UCX8637 | ||
| 003 | CL-VaPUC | ||
| 008 | 940415e19930000SP |||||||||||||||||spa|d | ||
| 082 | 0 | 4 | |a 658.8 |b ROG |2 21 |
| 100 | 0 | |a Rogers, Len |e author |9 325814 | |
| 245 | 1 | 0 | |a Marketing en la pequeña y mediana empresa |
| 300 | |a 238 p | ||
| 942 | |c BK | ||
| 945 | |d 19940415 00:00:00 |a mfernand | ||
| 260 | |a Madrid |b Piramide |c 1993 | ||
| 650 | 0 | |a Comercialización |9 259326 | |
| 583 | |a last modification |c 19940415 00:00:00 |k Rodrigo Vera | ||
| 999 | |c 228078 |d 228076 | ||
| 952 | |0 0 |1 0 |4 0 |6 658_800000000000000_ROG_1993 |7 0 |8 A |9 227679 |a BIBENE |b BIBENE |d 2019-11-15 |i 2971380 |o 658.8 ROG 1993 |p 2971380 |r 2025-01-15 |w 2019-11-15 |y BK |k ICO | ||